7 to 1: One Letter Off IX Quiz Stats

 Plays Quiz not verified by Sporcle

Score 0/28 Timer 04:00
1 Play Today
% Correct
CLAMBER
90.9%
QUEER
90.8%
SWEEPY
90.5%
ROPEY
90.1%
SAPPY
89.9%
HEARTH
89.1%
SPARES
89%
SNEERY
88.7%
DAWN
87.6%
WALLOWS
87.2%
BLUBS
86.9%
DINS
86.1%
BROOD
86.1%
KIND
85.4%
% Correct
MARNE
85.3%
ROCK
84.9%
DREG
83.2%
DOT
82.5%
TEXTS
80%
TIER
79.7%
ACHE
78.9%
SCONE
78.4%
NEON
74.6%
ELL
72.4%
OLDER
69.4%
WIRE
56.3%
FULL
54.6%
CURE
49.9%

You're not logged in!

Compare scores with friends on all Sporcle quizzes.
OR
Log In

Show Comments

Extras

Top Quizzes Today


Score Distribution

Your Account Isn't Verified!

In order to create a playlist on Sporcle, you need to verify the email address you used during registration. Go to your Sporcle Settings to finish the process.

Report this User

Report this user for behavior that violates our Community Guidelines.

Details: